00501nam a2200193 a 4500001001300000003000900013005001700022008004100039020001100080082001700091100002300108245002700131260005200158300000900210500003500219505001300254650001700267700002300284nice12345678IN_TiNIC20260116011929.0050524s1974 hyda grp 000 0 urd  ac10.500a305.235bFAR aFarooqi, Rafiuddin aSchool Se Rozgaar Tak. aHyderabadbLucky Fine Arts Printing Pressc1974 a224p aincludes index and biblioraphy2 aappendix aMuslim-Youth1 aFarooqi, Rafiuddin